[Event "Charlotte Fall-IM 2019"]
[Site "Charlotte"]
[Date "2019.11.29"]
[Round "3.1"]
[White "Zhou, Liran"]
[Black "Francisco, Richard"]
[Result "1-0"]
[WhiteElo "2314"]
[BlackElo "2281"]
[Annotator "ChessBase"]
[PlyCount "61"]
[EventDate "2019.11.28"]
[EventType "tourn"]
[EventCountry "USA"]
[SourceTitle "playchess.com"]
[Source "ChessBase"]
[SourceQuality "1"]
[TimeControl "5400+30"]

1. e4 {[%emt 1:30:30]} e5 {[%emt 1:30:30]} 2. Nf3 {[%emt 0:00:30]} Nc6 {[%emt 0:00:30]} 3. Bb5 {[%emt 0:00:30]} a6 {[%emt 0:00:30]} 4. Ba4 {[%emt 0:00:30]} Nf6 {[%emt 0:00:30]} 5. O-O {[%emt 0:00:30]} b5 {[%emt 0:00:30]} 6. Bb3 {[%emt 0:00:30]} Bb7 {[%emt 0:00:30]} 7. d3 {[%emt 0:00:30]} Bd6 {[%emt 0:00:30]} 8. c3 {[%emt 0:00:30]} h6 {[%emt 0:00:30]} 9. Re1 {[%emt 0:00:30]} O-O {[%emt 0:00:30]} 10. Nbd2 {[%emt 0:00:30]} Re8 {[%emt 0:00:30]} 11. Nf1 {[%emt 0:00:30]} Bf8 {[%emt 0:00:30]} 12. Ng3 {[%emt 0:00:30]} d5 {[%emt 0:00:30]} 13. exd5 {[%emt 0:00:30]} Nxd5 {[%emt 0:00:30]} 14. a3 {[%emt 0:00:30]} Qd7 {[%emt 0:00:30]} 15. Ne4 {[%emt 0:00:30]} Rad8 {[%emt 0:00:30]} 16. Bxh6 {[%emt 0:00:30]} gxh6 {[%emt 0:00:30]} 17. Bxd5 {[%emt 0:00:30]} Bg7 {[%emt 0:00:30]} 18. Ba2 {[%emt 0:00:30]} Bc8 {[%emt 0:00:30]} 19. Nc5 {[%emt 0:00:30]} Qd6 {[%emt 0:00:30]} 20. b4 {[%emt 0:00:30]} Bf5 {[%emt 0:00:30]} 21. Nb7 {[%emt 0:00:30]} Qf6 {[%emt 0:00:30]} 22. Nxd8 {[%emt 0:00:30]} Rxd8 {[%emt 0:00:30]} 23. d4 {[%emt 0:00:30]} exd4 {[%emt 0:00:30]} 24. Nxd4 {[%emt 0:00:30]} Nxd4 {[%emt 0:00:30]} 25. cxd4 {[%emt 0:00:30]} Rxd4 {[%emt 0:00:30]} 26. Qf3 {[%emt 0:00:30]} Qg5 {[%emt 0:00:30]} 27. Rad1 {[%emt 0:00:30]} Rf4 {[%emt 0:00:30]} 28. Qa8+ {[%emt 0:00:30]} Kh7 {[%emt 0:00:30]} 29. Bxf7 {[%emt 0:00:30]} Bc3 {[%emt 0:00:30]} 30. Re7 {[%emt 0:00:30]} Rg4 {[%emt 0:00:30]} 31. Bg8+ {[%emt 0:00:30]} 1-0

[Event "Charlotte Fall-IM 2019"]
[Site "Charlotte"]
[Date "2019.11.29"]
[Round "3.2"]
[White "Shen, Christopher"]
[Black "Gauri, Shankar"]
[Result "1-0"]
[WhiteElo "2306"]
[BlackElo "2340"]
[Annotator "ChessBase"]
[PlyCount "141"]
[EventDate "2019.11.28"]
[EventType "tourn"]
[EventCountry "USA"]
[SourceTitle "playchess.com"]
[Source "ChessBase"]
[SourceQuality "1"]
[TimeControl "5400+30"]

1. Nf3 {[%emt 1:30:30]} d5 {[%emt 1:30:30]} 2. d4 {[%emt 0:00:30]} Nf6 {[%emt 0:00:30]} 3. c4 {[%emt 0:00:30]} e6 {[%emt 0:00:30]} 4. g3 {[%emt 0:00:30]} Bb4+ {[%emt 0:00:30]} 5. Bd2 {[%emt 0:00:30]} Bd6 {[%emt 0:00:30]} 6. Bg2 {[%emt 0:00:30]} c6 {[%emt 0:00:30]} 7. Qb3 {[%emt 0:00:30]} O-O {[%emt 0:00:30]} 8. Bb4 {[%emt 0:00:30]} b6 {[%emt 0:00:30]} 9. Bxd6 {[%emt 0:00:30]} Qxd6 {[%emt 0:00:30]} 10. Nbd2 {[%emt 0:00:30]} Nbd7 {[%emt 0:00:30]} 11. O-O {[%emt 0:00:30]} Bb7 {[%emt 0:00:30]} 12. Qc2 {[%emt 0:00:30]} c5 {[%emt 0:00:30]} 13. cxd5 {[%emt 0:00:30]} exd5 {[%emt 0:00:30]} 14. dxc5 {[%emt 0:00:30]} bxc5 {[%emt 0:00:30]} 15. Rfd1 {[%emt 0:00:30]} Rfe8 {[%emt 0:00:30]} 16. e3 {[%emt 0:00:30]} Nf8 {[%emt 0:00:30]} 17. Nh4 {[%emt 0:00:30]} Qb6 {[%emt 0:00:30]} 18. h3 {[%emt 0:00:30]} Ne6 {[%emt 0:00:30]} 19. Nf5 {[%emt 0:00:30]} Rad8 {[%emt 0:00:30]} 20. Rac1 {[%emt 0:00:30]} h5 {[%emt 0:00:30]} 21. Nb3 {[%emt 0:00:30]} g6 {[%emt 0:00:30]} 22. Nh4 {[%emt 0:00:30]} Ne4 {[%emt 0:00:30]} 23. Nf3 {[%emt 0:00:30]} c4 {[%emt 0:00:30]} 24. Nbd2 {[%emt 0:00:30]} N4c5 {[%emt 0:00:30]} 25. b3 {[%emt 0:00:30]} Nd3 {[%emt 0:00:30]} 26. Rb1 {[%emt 0:00:30]} Nb4 {[%emt 0:00:30]} 27. Qb2 {[%emt 0:00:30]} c3 {[%emt 0:00:30]} 28. Qxc3 {[%emt 0:00:30]} Nxa2 {[%emt 0:00:30]} 29. Qb2 {[%emt 0:00:30]} Nb4 {[%emt 0:00:30]} 30. Ne5 {[%emt 0:00:30]} d4 {[%emt 0:00:30]} 31. Ndc4 {[%emt 0:00:30]} Qb5 {[%emt 0:00:30]} 32. Bxb7 {[%emt 0:00:30]} Qxb7 {[%emt 0:00:30]} 33. exd4 {[%emt 0:00:30]} Ng5 {[%emt 0:00:30]} 34. d5 {[%emt 0:00:30]} Rxd5 {[%emt 0:00:30]} 35. Nd6 {[%emt 0:00:30]} Nf3+ {[%emt 0:00:30]} 36. Nxf3 {[%emt 0:00:30]} Rxd1+ {[%emt 0:00:30]} 37. Rxd1 {[%emt 0:00:30]} Qxf3 {[%emt 0:00:30]} 38. Nxe8 {[%emt 0:00:30]} Qxd1+ {[%emt 0:00:30]} 39. Kh2 {[%emt 0:00:30]} Kf8 {[%emt 0:00:30]} 40. Qh8+ {[%emt 0:00:30]} Ke7 41. Qe5+ {[%emt 0:00:30]} Kf8 {[%emt 0:01:00]} 42. Nf6 {[%emt 0:00:30]} Qd2 {[%emt 0:00:30]} 43. Qb8+ {[%emt 0:00:30]} Kg7 {[%emt 0:00:30]} 44. Ne8+ {[%emt 0:00:30]} Kf8 {[%emt 0:00:30]} 45. Nc7+ {[%emt 0:00:30]} Kg7 {[%emt 0:00:30]} 46. Qxa7 {[%emt 0:00:30]} Nd3 {[%emt 0:00:30]} 47. Qd4+ {[%emt 0:00:30]} Kg8 {[%emt 0:00:30]} 48. Nd5 {[%emt 0:00:30]} Qxf2+ {[%emt 0:00:30]} 49. Qxf2 Nxf2 {[%emt 0:00:30]} 50. Kg2 {[%emt 0:01:00]} Ne4 {[%emt 0:00:30]} 51. b4 {[%emt 0:00:30]} Nd6 {[%emt 0:00:30]} 52. Kf3 {[%emt 0:00:30]} Kf8 {[%emt 0:00:30]} 53. Kf4 {[%emt 0:00:30]} Ke8 {[%emt 0:00:30]} 54. Ke5 {[%emt 0:00:30]} Kd7 {[%emt 0:00:30]} 55. Ne3 {[%emt 0:00:30]} Kc6 {[%emt 0:00:30]} 56. Kf6 {[%emt 0:00:30]} Kb5 {[%emt 0:00:30]} 57. Ke5 {[%emt 0:00:30]} Ne8 {[%emt 0:00:30]} 58. Nd5 {[%emt 0:00:30]} Kc4 {[%emt 0:00:30]} 59. h4 {[%emt 0:00:30]} Kb5 {[%emt 0:00:30]} 60. Nf6 {[%emt 0:00:30]} Ng7 {[%emt 0:00:30]} 61. Ne4 {[%emt 0:00:30]} f5 {[%emt 0:00:30]} 62. Nd6+ {[%emt 0:00:30]} Kxb4 {[%emt 0:00:30]} 63. Kf6 {[%emt 0:00:30]} Kc5 {[%emt 0:00:30]} 64. Kxg7 {[%emt 0:00:30]} Kxd6 {[%emt 0:00:30]} 65. Kxg6 {[%emt 0:00:30]} Ke5 {[%emt 0:00:30]} 66. Kxh5 {[%emt 0:00:30]} Kf6 {[%emt 0:00:30]} 67. Kh6 {[%emt 0:00:30]} f4 {[%emt 0:00:30]} 68. gxf4 {[%emt 0:00:30]} Kf5 {[%emt 0:00:30]} 69. h5 {[%emt 0:00:30]} Kf6 {[%emt 0:00:30]} 70. f5 {[%emt 0:00:30]} Kf7 {[%emt 0:00:30]} 71. Kg5 {[%emt 0:00:30]} 1-0

[Event "Charlotte Fall-IM 2019"]
[Site "Charlotte"]
[Date "2019.11.29"]
[Round "3.3"]
[White "Jacobson, Aaron"]
[Black "Furfine, Jacob"]
[Result "1-0"]
[WhiteElo "2301"]
[BlackElo "2302"]
[Annotator "TA"]
[PlyCount "89"]
[EventDate "2019.11.28"]
[EventType "tourn"]
[EventCountry "USA"]
[SourceTitle "playchess.com"]
[Source "ChessBase"]
[SourceQuality "1"]

{[%evp 12,89,16,16,16,22,13,15,33,22,29,9,12,14,10,10,52,40,70,46,68,62,68,47,54,47,77,69,129,124,126,126,126,119,121,106,110,107,111,101,261,141,144,104,238,246,285,285,285,285,270,270,270,263,266,266,259,259,259,250,252,231,256,239,520,523,456,351,2292,2458,5114,6821,29985,29986,29986,29987,29989,29989,29987,29987]} 1. d4 d5 2. c4 e6 3. Nf3 Nf6 4. Nc3 Be7 5. Bf4 O-O 6. e3 Nbd7 7. Be2 dxc4 {D37: Queen's Gambit Declined: 5 Bf4} 8. O-O a6 (8... c5 9. dxc5 Nxc5 10. Bxc4 b6 11. Qc2 Bb7 12. Rfd1 Qc8 13. Nb5 a6 14. Nd6 Bxd6 15. Bxd6 Rd8 16. Rac1 Nce4 17. Bb4 Rxd1+ 18. Qxd1 {1-0 (69) Grischuk,A (2771)-Topalov,V (2740) Shamkir 2019}) 9. a4 b6 {The position is equal.} 10. Bxc4 Bb7 11. d5 $146 ({Predecessor:} 11. Qe2 c5 12. Rfd1 cxd4 13. exd4 Bb4 14. Rac1 Qe7 15. d5 exd5 16. Qxe7 Bxe7 17. Nxd5 Bxd5 18. Bxd5 Nxd5 19. Rxd5 {1-0 (65) Potkin,V (2621)-Adly,A (2594) Dubai 2014}) 11... exd5 12. Nxd5 Nxd5 13. Bxd5 c6 14. Ba2 Nf6 15. Qe2 Qc8 16. Ne5 Nd5 17. Bxd5 cxd5 18. Rfc1 Qe6 19. Rc7 Bd6 (19... Rfb8 $14) 20. Rxb7 $16 Bxe5 21. Bxe5 Qxe5 22. Rxb6 d4 23. Rxa6 Rxa6 24. Qxa6 {Strongly threatening exd4.} dxe3 {[%mdl 4096] Endgame KQR-KQR} 25. Qe2 {Threatens to win with a5.} Rb8 $2 {[#]} (25... exf2+ $16 {was worth a try.} 26. Qxf2 Qa5) 26. Qxe3 (26. a5 $1 $18) 26... Qxb2 27. Qc1 Qb6 (27... Qxc1+ $16 28. Rxc1 Kf8) 28. a5 $18 {[%cal Ba4a5,Ba5a6][%mdl 32]} Qa6 {[#]} 29. Qc7 $1 {[%cal Rc7b8]} Qb7 30. Qxb7 Rxb7 {KR-KR} 31. a6 Ra7 32. Kf1 Kf8 33. Ke2 Ke7 34. Kd3 Kd6 35. Kc4 Kc6 36. Kb4 Kb6 37. Ra2 g5 $2 (37... g6 {might work better.} 38. h4 f5) 38. g4 f6 39. h3 h5 $2 (39... Kc7 40. Kb5 Kb8) 40. gxh5 Kc7 41. Kb5 Kb8 42. Kb6 {White mates.} Re7 43. Rc2 Re8 44. Rc6 Rf8 45. h6 {Accuracy: White = 75%, Black = 27%.} 1-0

[Event "Charlotte Fall-IM 2019"]
[Site "Charlotte"]
[Date "2019.11.29"]
[Round "3.4"]
[White "Martin Del Campo C., Roberto"]
[Black "Drozdowski, Kacper"]
[Result "1/2-1/2"]
[WhiteElo "2314"]
[BlackElo "2467"]
[Annotator "TA"]
[PlyCount "72"]
[EventDate "2019.11.28"]
[EventType "tourn"]
[EventCountry "USA"]
[SourceTitle "playchess.com"]
[Source "ChessBase"]
[SourceQuality "1"]

{[%evp 13,72,47,29,-8,0,0,0,-1,0,0,0,0,25,23,31,-8,0,0,9,0,13,-10,-11,-11,12,0,5,8,6,1,6,0,0,0,0,0,0,0,0,0,0,0,0,0,0,0,0,0,0,0,0,0,0,0,0,0,0,0,0,0,0]} 1. e4 Nf6 2. e5 Nd5 3. d4 d6 4. Nf3 Bg4 5. Be2 c6 6. Ng5 Bf5 7. e6 fxe6 8. Bh5+ {B05: Alekhine's Defence: 4 Nf3 Bg4} g6 9. g4 $1 {[%cal Rg4f5]} Nf6 {[#] Hoping for ...Be4.} 10. gxf5 Nxh5 11. fxg6 hxg6 12. Nxe6 Qa5+ 13. Nc3 {[%cal Bb1c3,Bc3e4,Be4g5][%mdl 32]} Ng7 $146 ({Predecessor:} 13... Na6 14. d5 Nf6 15. Qd3 Rg8 16. dxc6 {1-0 (30) Sisniega,M (2455)-Fernandez Garcia,J (2445) Salamanca 1987}) 14. Nxf8 (14. b4 $5 Qb6 15. Nf4 $11 (15. Nxf8 Rxf8 16. Bh6 Rg8 $11)) 14... Rxf8 {The position is equal.} 15. Bh6 Qf5 {[%csl Gf8][%cal Rf5f2] [#]} 16. Qe2 Rf7 17. Bxg7 Rxg7 18. Ne4 {Nxd6+ is the strong threat.} Qf4 (18... Kd7 {with more complications.} 19. O-O-O Na6 20. Kb1 Rh8 21. h4 Nc7) 19. Qe3 Qxe3+ 20. fxe3 Nd7 21. Ng5 {Strongly threatening Ne6.} Nf8 22. e4 Kd7 23. Ke2 Ne6 24. Nxe6 Kxe6 $11 {[%mdl 4096] Endgame KRR-KRR} 25. Rag1 Rh8 26. h4 Rh5 27. Rg4 Kf7 28. Rf1+ Ke8 29. Rfg1 Rgh7 30. Rxg6 Rxh4 31. R6g4 Kd7 32. Rxh4 Rxh4 33. Kd3 Rh3+ 34. Kd2 Rh2+ 35. Kd3 Rh3+ 36. Kd2 Rh2+ {Accuracy: White = 68%, Black = 72%.} 1/2-1/2

[Event "Charlotte Fall-IM 2019"]
[Site "Charlotte"]
[Date "2019.11.29"]
[Round "3.5"]
[White "Arribas Lopez, Angel"]
[Black "Tsay, Vincent"]
[Result "1-0"]
[WhiteElo "2436"]
[BlackElo "2300"]
[Annotator "RC"]
[PlyCount "61"]
[EventDate "2019.11.28"]
[EventType "tourn"]
[EventCountry "USA"]
[SourceTitle "playchess.com"]
[Source "ChessBase"]
[SourceQuality "1"]
[TimeControl "5400+30"]

1. e4 {[%emt 1:30:30]} c5 {[%emt 1:30:30]} 2. Nc3 {[%emt 0:00:30]} e6 {[%emt 0:00:30]} 3. Nge2 {[%emt 0:00:30]} d5 {[%emt 0:00:30]} 4. exd5 {[%emt 0:00:30]} exd5 {[%emt 0:00:30]} 5. d4 {[%emt 0:00:30]} Nf6 {[%emt 0:00:30]} 6. Bg5 {[%emt 0:00:30]} Be6 {[%emt 0:00:30]} 7. Nf4 {[%emt 0:00:30]} cxd4 {[%emt 0:00:30]} 8. Qxd4 {[%emt 0:00:30]} Be7 {[%emt 0:00:30]} 9. O-O-O {[%emt 0:00:30]} O-O {[%emt 0:00:30]} 10. Ncxd5 {[%emt 0:00:30]} Nxd5 {[%emt 0:00:30]} 11. Bxe7 {[%emt 0:00:30]} Qxe7 {[%emt 0:00:30]} 12. Nxd5 {[%emt 0:00:30]} Bxd5 {[%emt 0:00:30]} 13. Qxd5 {[%emt 0:00:30]} Nc6 {[%emt 0:00:30]} 14. Bc4 {[%emt 0:00:30]} Rac8 {[%emt 0:00:30]} 15. Qf5 {[%emt 0:00:30]} g6 {[%emt 0:00:30]} 16. Qf4 {[%emt 0:00:30]} b5 {[%emt 0:00:30]} 17. Bb3 {[%emt 0:00:30]} Na5 {[%emt 0:00:30]} 18. Kb1 {[%emt 0:00:30]} Rfe8 {[%emt 0:00:30]} 19. Bd5 {[%emt 0:00:30]} Red8 {[%emt 0:00:30]} 20. h4 {[%emt 0:00:30]} Nc4 {[%emt 0:00:30]} 21. a3 {[%emt 0:00:30]} Rxd5 {[%emt 0:00:30]} 22. Rxd5 {[%emt 0:00:30]} b4 {[%emt 0:00:30]} 23. Rhd1 {[%emt 0:00:30]} bxa3 {[%emt 0:00:30]} 24. Rd7 {[%emt 0:00:30]} Qe6 {[%emt 0:00:30]} 25. Rd8+ {[%emt 0:00:30]} Rxd8 {[%emt 0:00:30]} 26. Rxd8+ {[%emt 0:00:30]} Kg7 27. h5 {[%emt 0:00:30]} a2+ {[%emt 0:01:00]} 28. Kxa2 {[%emt 0:00:30]} h6 {[%emt 0:00:30]} 29. Qd4+ {[%emt 0:00:30]} Ne5+ {[%emt 0:00:30]} 30. Kb1 {[%emt 0:00:30]} g5 {[%emt 0:00:30]} 31. Qd6 {[%emt 0:00:30]} 1-0

[Event "Charlotte Fall-IM 2019"]
[Site "Charlotte"]
[Date "2019.11.29"]
[Round "4.1"]
[White "Francisco, Richard"]
[Black "Jacobson, Aaron"]
[Result "1-0"]
[WhiteElo "2281"]
[BlackElo "2301"]
[Annotator "ChessBase"]
[PlyCount "113"]
[EventDate "2019.11.28"]
[EventType "tourn"]
[EventCountry "USA"]
[SourceTitle "playchess.com"]
[Source "ChessBase"]
[SourceQuality "1"]
[TimeControl "5400+30"]

1. Nf3 {[%emt 1:30:30]} d5 {[%emt 1:30:30]} 2. d4 {[%emt 0:00:30]} Nf6 {[%emt 0:00:30]} 3. c4 {[%emt 0:00:30]} e6 {[%emt 0:00:30]} 4. g3 {[%emt 0:00:30]} dxc4 {[%emt 0:00:30]} 5. Bg2 {[%emt 0:00:30]} c6 {[%emt 0:00:30]} 6. O-O {[%emt 0:00:30]} b5 {[%emt 0:00:30]} 7. Bg5 {[%emt 0:00:30]} Be7 {[%emt 0:00:30]} 8. Bxf6 {[%emt 0:00:30]} Bxf6 {[%emt 0:00:30]} 9. Nc3 {[%emt 0:00:30]} Bb7 {[%emt 0:00:30]} 10. Ne5 {[%emt 0:00:30]} Qc7 {[%emt 0:00:30]} 11. a4 {[%emt 0:00:30]} a6 {[%emt 0:00:30]} 12. Ne4 {[%emt 0:00:30]} c5 {[%emt 0:00:30]} 13. Nxf6+ {[%emt 0:00:30]} gxf6 {[%emt 0:00:30]} 14. Bxb7 {[%emt 0:00:30]} Qxb7 {[%emt 0:00:30]} 15. Ng4 {[%emt 0:00:30]} Nd7 {[%emt 0:00:30]} 16. dxc5 {[%emt 0:00:30]} O-O-O {[%emt 0:00:30]} 17. Qc2 {[%emt 0:00:30]} h5 {[%emt 0:00:30]} 18. Ne3 {[%emt 0:00:30]} Nxc5 {[%emt 0:00:30]} 19. axb5 {[%emt 0:00:30]} axb5 {[%emt 0:00:30]} 20. Ra5 {[%emt 0:00:30]} Qb6 {[%emt 0:00:30]} 21. Rfa1 {[%emt 0:00:30]} Nb7 {[%emt 0:00:30]} 22. Ra6 {[%emt 0:00:30]} Qc5 {[%emt 0:00:30]} 23. Qe4 {[%emt 0:00:30]} Kc7 {[%emt 0:00:30]} 24. Ra7 {[%emt 0:00:30]} Qc6 {[%emt 0:00:30]} 25. Qh4 {[%emt 0:00:30]} f5 {[%emt 0:00:30]} 26. Qf6 {[%emt 0:00:30]} h4 {[%emt 0:00:30]} 27. Qe5+ {[%emt 0:00:30]} Kc8 {[%emt 0:00:30]} 28. Ra8+ {[%emt 0:00:30]} Kd7 {[%emt 0:00:30]} 29. Rd1+ {[%emt 0:00:30]} Nd6 {[%emt 0:00:30]} 30. Ra7+ {[%emt 0:00:30]} Kc8 {[%emt 0:00:30]} 31. Rxd6 {[%emt 0:00:30]} Qxd6 {[%emt 0:00:30]} 32. Qxd6 {[%emt 0:00:30]} Rxd6 {[%emt 0:00:30]} 33. Ra8+ {[%emt 0:00:30]} Kc7 {[%emt 0:00:30]} 34. Rxh8 {[%emt 0:00:30]} hxg3 {[%emt 0:00:30]} 35. fxg3 {[%emt 0:00:30]} Rd2 {[%emt 0:00:30]} 36. Kf2 {[%emt 0:00:30]} Rxb2 {[%emt 0:00:30]} 37. h4 {[%emt 0:00:30]} c3 {[%emt 0:00:30]} 38. h5 {[%emt 0:00:30]} Rb1 {[%emt 0:00:30]} 39. Rf8 {[%emt 0:00:30]} b4 {[%emt 0:00:30]} 40. h6 {[%emt 0:00:30]} Rh1 {[%emt 0:00:30]} 41. Rxf7+ {[%emt 0:00:30]} Kd6 {[%emt 0:00:30]} 42. Rb7 {[%emt 0:00:30]} Kc5 {[%emt 0:00:30]} 43. h7 {[%emt 0:00:30]} e5 {[%emt 0:00:30]} 44. Nc2 {[%emt 0:00:30]} f4 {[%emt 0:00:30]} 45. Nxb4 {[%emt 0:00:30]} Rh2+ {[%emt 0:00:30]} 46. Kf3 {[%emt 0:00:30]} Rh3 {[%emt 0:00:30]} 47. Nd3+ {[%emt 0:00:30]} Kd6 {[%emt 0:00:30]} 48. Rg7 {[%emt 0:00:30]} Kd5 {[%emt 0:00:30]} 49. Kg2 {[%emt 0:00:30]} Rh6 {[%emt 0:00:30]} 50. g4 {[%emt 0:00:30]} Kd4 {[%emt 0:00:30]} 51. g5 {[%emt 0:00:30]} Rh5 {[%emt 0:00:30]} 52. g6 {[%emt 0:00:30]} Ke3 {[%emt 0:00:30]} 53. Re7 {[%emt 0:00:30]} e4 {[%emt 0:00:30]} 54. g7 {[%emt 0:00:30]} Rxh7 {[%emt 0:00:30]} 55. Rxe4+ {[%emt 0:00:30]} Kxe4 {[%emt 0:00:30]} 56. g8=Q {[%emt 0:00:30]} Re7 57. Qc4+ {[%emt 0:00:30]} 1-0

[Event "Charlotte Fall-IM 2019"]
[Site "Charlotte"]
[Date "2019.11.29"]
[Round "4.2"]
[White "Drozdowski, Kacper"]
[Black "Arribas Lopez, Angel"]
[Result "1/2-1/2"]
[WhiteElo "2467"]
[BlackElo "2436"]
[Annotator "TA"]
[PlyCount "32"]
[EventDate "2019.11.28"]
[EventType "tourn"]
[EventCountry "USA"]
[SourceTitle "playchess.com"]
[Source "ChessBase"]
[SourceQuality "1"]

{[%evp 12,32,-4,0,0,0,0,0,0,0,0,0,0,0,0,0,0,0,0,0,0,0,0]} 1. e4 e5 2. Nf3 Nc6 3. Bb5 Nf6 4. O-O Nxe4 5. d4 Nd6 6. dxe5 Nxb5 7. a4 {The position is equal.} Nxe5 {C67: Ruy Lopez: Berlin Defence: 4 0-0 Nxe4} (7... Nbd4 8. Nxd4 d5 9. exd6 Nxd4 10. Qxd4 Qxd6 11. Qe3+ Be7 12. Nc3 c6 13. Re1 Be6 14. Ne4 Qe5 15. Bd2 O-O 16. Bc3 Qf5 17. Qg3 Qg6 18. Qc7 Bd5 19. Qxe7 {½-½ (41) Inarkiev,E (2682)-Vitiugov,N (2728) Izhevsk 2019}) 8. Nxe5 Nd6 $1 9. Re1 Be7 10. Bg5 {[#] Strongly threatening Nxf7!} Nf5 $1 11. Bxe7 Nxe7 12. Nxf7 Kxf7 13. Qf3+ $1 Kg6 $1 ({Not} 13... Kg8 $2 14. Ra3 $18) 14. Qg4+ Kf7 {[#] And now ...Rf8 would win.} 15. Qf3+ Kg6 $1 {Hoping for ...Nf5.} ({Don't blunder} 15... Kg8 $2 16. Ra3 $18) 16. Qg4+ {[#]} Kf7 $146 1/2-1/2

[Event "Charlotte Fall-IM 2019"]
[Site "Charlotte"]
[Date "2019.11.29"]
[Round "4.3"]
[White "Furfine, Jacob"]
[Black "Martin Del Campo C., Roberto"]
[Result "1/2-1/2"]
[WhiteElo "2302"]
[BlackElo "2314"]
[Annotator "ChessBase"]
[PlyCount "70"]
[EventDate "2019.11.28"]
[EventType "tourn"]
[EventCountry "USA"]
[SourceTitle "playchess.com"]
[Source "ChessBase"]
[SourceQuality "1"]
[TimeControl "5400+30"]

1. d4 {[%emt 1:30:30]} d6 {[%emt 1:30:30]} 2. e4 {[%emt 0:00:30]} g6 {[%emt 0:00:30]} 3. Nc3 {[%emt 0:00:30]} Bg7 {[%emt 0:00:30]} 4. Be3 {[%emt 0:00:30]} c6 {[%emt 0:00:30]} 5. a4 {[%emt 0:00:30]} a5 {[%emt 0:00:30]} 6. h3 {[%emt 0:00:30]} Nd7 {[%emt 0:00:30]} 7. Nf3 {[%emt 0:00:30]} e5 {[%emt 0:00:30]} 8. Bc4 {[%emt 0:00:30]} Ngf6 {[%emt 0:00:30]} 9. O-O {[%emt 0:00:30]} O-O {[%emt 0:00:30]} 10. dxe5 {[%emt 0:00:30]} Nxe5 {[%emt 0:00:30]} 11. Nxe5 {[%emt 0:00:30]} dxe5 {[%emt 0:00:30]} 12. Qxd8 {[%emt 0:00:30]} Rxd8 {[%emt 0:00:30]} 13. Rad1 {[%emt 0:00:30]} Rxd1 {[%emt 0:00:30]} 14. Rxd1 {[%emt 0:00:30]} Nd7 {[%emt 0:00:30]} 15. Na2 {[%emt 0:00:30]} Bf8 {[%emt 0:00:30]} 16. Nc1 {[%emt 0:00:30]} Be7 {[%emt 0:00:30]} 17. Nb3 {[%emt 0:00:30]} Kf8 {[%emt 0:00:30]} 18. f3 {[%emt 0:00:30]} Ke8 {[%emt 0:00:30]} 19. Kf2 {[%emt 0:00:30]} Bd8 {[%emt 0:00:30]} 20. Ke2 {[%emt 0:00:30]} Bc7 {[%emt 0:00:30]} 21. Nc5 {[%emt 0:00:30]} Nf8 {[%emt 0:00:30]} 22. Bg5 {[%emt 0:00:30]} b6 {[%emt 0:00:30]} 23. Nd3 {[%emt 0:00:30]} Nd7 {[%emt 0:00:30]} 24. g4 {[%emt 0:00:30]} Ba6 {[%emt 0:00:30]} 25. Bxa6 {[%emt 0:00:30]} Rxa6 {[%emt 0:00:30]} 26. c4 {[%emt 0:00:30]} Bd6 {[%emt 0:00:30]} 27. Bd2 {[%emt 0:00:30]} Ke7 {[%emt 0:00:30]} 28. h4 {[%emt 0:00:30]} Ra8 {[%emt 0:00:30]} 29. Rh1 {[%emt 0:00:30]} Nc5 {[%emt 0:00:30]} 30. Nxc5 {[%emt 0:00:30]} Bxc5 {[%emt 0:00:30]} 31. Rd1 {[%emt 0:00:30]} Bd4 {[%emt 0:00:30]} 32. b3 {[%emt 0:00:30]} Ke6 {[%emt 0:00:30]} 33. Rh1 {[%emt 0:00:30]} Rb8 {[%emt 0:00:30]} 34. h5 {[%emt 0:00:30]} Rb7 {[%emt 0:00:30]} 35. g5 {[%emt 0:00:30]} Rd7 {[%emt 0:00:30]} 1/2-1/2

[Event "Charlotte Fall-IM 2019"]
[Site "Charlotte"]
[Date "2019.11.29"]
[Round "4.4"]
[White "Gauri, Shankar"]
[Black "Tsay, Vincent"]
[Result "1/2-1/2"]
[WhiteElo "2340"]
[BlackElo "2300"]
[Annotator "ChessBase"]
[PlyCount "59"]
[EventDate "2019.11.28"]
[EventType "tourn"]
[EventCountry "USA"]
[SourceTitle "playchess.com"]
[Source "ChessBase"]
[SourceQuality "1"]
[TimeControl "5400+30"]

1. Nf3 {[%emt 1:30:30]} d5 {[%emt 1:30:30]} 2. c4 {[%emt 0:00:30]} e6 {[%emt 0:00:30]} 3. d4 {[%emt 0:00:30]} Nf6 {[%emt 0:00:30]} 4. g3 {[%emt 0:00:30]} dxc4 {[%emt 0:00:30]} 5. Bg2 {[%emt 0:00:30]} Nc6 {[%emt 0:00:30]} 6. Qa4 {[%emt 0:00:30]} Bb4+ {[%emt 0:00:30]} 7. Bd2 {[%emt 0:00:30]} Nd5 {[%emt 0:00:30]} 8. Bxb4 {[%emt 0:00:30]} Ndxb4 {[%emt 0:00:30]} 9. O-O {[%emt 0:00:30]} Rb8 {[%emt 0:00:30]} 10. Nc3 {[%emt 0:00:30]} a6 {[%emt 0:00:30]} 11. Ne5 {[%emt 0:00:30]} O-O {[%emt 0:00:30]} 12. Nxc6 {[%emt 0:00:30]} Nxc6 {[%emt 0:00:30]} 13. Bxc6 {[%emt 0:00:30]} bxc6 {[%emt 0:00:30]} 14. Qxc6 {[%emt 0:00:30]} Qxd4 {[%emt 0:00:30]} 15. Rfd1 {[%emt 0:00:30]} Qe5 {[%emt 0:00:30]} 16. Rd2 {[%emt 0:00:30]} Rb4 {[%emt 0:00:30]} 17. a3 {[%emt 0:00:30]} Bb7 {[%emt 0:00:30]} 18. Qd7 {[%emt 0:00:30]} Rb3 {[%emt 0:00:30]} 19. Qe7 {[%emt 0:00:30]} h6 {[%emt 0:00:30]} 20. Rad1 {[%emt 0:00:30]} Qf5 {[%emt 0:00:30]} 21. Qxc7 {[%emt 0:00:30]} Rc8 {[%emt 0:00:30]} 22. Qe7 {[%emt 0:00:30]} Kh7 {[%emt 0:00:30]} 23. f3 {[%emt 0:00:30]} Bc6 {[%emt 0:00:30]} 24. Qd6 {[%emt 0:00:30]} e5 {[%emt 0:00:30]} 25. Nd5 {[%emt 0:00:30]} Bxd5 {[%emt 0:00:30]} 26. Qxd5 {[%emt 0:00:30]} Rb5 {[%emt 0:00:30]} 27. Qd6 {[%emt 0:00:30]} a5 {[%emt 0:00:30]} 28. Rc1 {[%emt 0:00:30]} e4 {[%emt 0:00:30]} 29. a4 {[%emt 0:00:30]} Rbc5 {[%emt 0:00:30]} 30. Rc3 {[%emt 0:00:30]} 1/2-1/2